Jurisprudencia constitucional
Salvato in:
| Ente Autore: | |
|---|---|
| Natura: | Libro |
| Lingua: | spagnolo |
| Pubblicazione: |
Santiago, Chile:
Tribunal Constitucional.
2016
|
| Soggetti: | |
| Tags: |
Aggiungi Tag
Nessun Tag, puoi essere il primo ad aggiungerne!!
|
MARC
| LEADER | 00000cam a2200000 a 4500 | ||
|---|---|---|---|
| 001 | UCD7125 | ||
| 003 | CL-VaPUC | ||
| 005 | 20250409113447.0 | ||
| 008 | 170309e20160000cl |||||||||||||||||spa|d | ||
| 999 | |c 367237 |d 367235 | ||
| 020 | |a 9789568186494 | ||
| 040 | |c Pontificia Universidad Católica de Valparaíso | ||
| 082 | 0 | 4 | |a 342.03 TRI 2016 |2 21 |
| 110 | 2 | |a Tribunal Constitucional de Chile |9 897882 | |
| 245 | 1 | 0 | |a Jurisprudencia constitucional |
| 260 | |a Santiago, Chile: |b Tribunal Constitucional. |c 2016 | ||
| 300 | |a Tomo XXVIII | ||
| 505 | |a t.XXVIII: Sentencias pronunciadas entre 2013 y 2014. Roles Nos 2.471-2.613 | ||
| 583 | |a last modification |c 20170309 22:28:00 |k Rodrigo Vera | ||
| 650 | 0 | |a Derecho constitucional chileno |9 478271 | |
| 650 | 0 | |a Jurisprudencia constituacional |9 255952 |x Sentencias | |
| 942 | |c BK |2 ddc | ||
| 945 | |d 20170309 22:28:00 |a dcastane | ||
| 952 | |0 0 |1 0 |3 erb |4 0 |6 342_030000000000000_TRI_2016 |7 0 |8 A |9 481992 |a BIBDER |b BIBDER |h t.XXVIII |i 536440K |o 342.03 TRI 2016 |p 536440K |r 2023-01-25 |w 2019-11-24 |y BK |z Catalogado en:20170309 |k DER | ||